000 01210nam a2200253Ia 4500
003 Ost
005 20260507075223.0
008 260507s9999||||xx |||||||||||||| ||und||
020 _a2737079957
040 _cfsecg
041 _aara
082 _a330
100 _aشومان، ايناس رافت
_eمؤلف
245 0 _aالتسويق و إدارة الاعلان /
_c ايناس رافت شومان
260 _aعمان:
_bدار الفكر,
_c2009
300 _a296 صفحة؛
_bإيضاحات ؛
_c24 سم
504 _aمراجع ص.289
520 _aمفهوم الاستراتيجية و الخطط التسويقية ، الاعلان و الصناعة الاعلانية ، سياسات الاستراتيجية التسويقية كهدف للتخطيط الاعلاني ، استراتيجية الرسالة الاتصالية الاعلانية ، استراتيجية جدولة و تقييم الحملة الاعلانية أ استرانيجيةتحديد المخصصات الاجمالية للحملة الاعلانية .
653 _aأدارة المبيعات
653 _aالاعلان
653 _aالترويج
653 _aالتسويق
942 _cكتاب
999 _c43526
_d43526